000 00867cab a2200241 4500
001 WB3444-06
008 090401t1998 xxu||||| |||| 00| 0 eng d
035 _a(Sirsi) u89846
041 _aeng
245 _aPlan to beat cowboys
260 _c1998
350 _a0
490 _aBuilding
_v258(47) 20 November 1998, 9 and 10(1)
520 _aThe DETR`s Cowboy Builders Working Group are considering the introduction of a `Competent Persons Scheme` to weed out cowboy builders. Under the scheme, a contractor`s employees would have to be certified as `competent` before the firm could obtain a Quality Mark.
650 _aCERTIFICATION SCHEMES
650 _aCOMPETENT PERSONS SCHEME
650 _aCOWBOY BUILDERS
650 _aQUALITY MARK
650 _aSTANDARDS
690 _aBUILDING AND CONSTRUCTION-REGULATIONS
942 _n0
948 _c20/11/1998
999 _c56875
_d56875